Top landforms by starting letter: Mountains, Rivers, Lakes, Islands - Statistics

General Stats
  • This quiz has been taken 1,341 times
  • The average score is 28 of 95
Answer Stats
LETTER MOUNTAIN % Correct
A Amazon (6 400 km)
93%
E Everest (8848m - np)
93%
N Nile (6 650 km)
88%
K K2 (8611m - pk)
82%
G Greenland (2,130k)
77%
M Mississippi (6 275 km)
75%
S Superior (82,414 km2)
75%
V Victoria (69,485 km2)
75%
V Victoria Island (217k)
75%
M Madagascar (587k)
74%
Y Yangtze (6 300 km)
71%
B Baikal (31,500 km2)
70%
D Danube (2 888 km)
70%
M Michigan (58,000 km2)
70%
B Borneo (748k)
68%
E Erie (25,719 km2)
68%
H Huron (59,600 km2)
67%
C Congo (4 700 km)
65%
V Volga (3 645 km)
65%
J Java (138k)
63%
C Caspian Sea (371,000 km2)
62%
S Sumatra (473k)
61%
O Ontario (19,477 km2)
59%
H Honshu (225k)
58%
I Iceland (101k)
57%
C Cuba (104k)
56%
G Ganges (2 620 km)
55%
N New Guinea (785k)
54%
Z Zambezi (2 693 km)
51%
I Indus (3 180 km)
46%
O Ob (5 410 km)
45%
L Luzon (109k)
44%
G Great Bear Lake (31,080 km2)
42%
T Tanganyika (32,893 km2)
40%
E Ellesmere Island (196k)
37%
L Lena (4 400 km)
37%
P Paraná (4 880 km)
36%
R Rio Grande (3 057 km)
34%
A Annapurna I (8091m - np)
31%
K Kyūshū (37k)
29%
L Ladoga (18,130 km2)
23%
B Brahmaputra (2 948 km)
22%
E Elbe (1 252 km)
22%
N Nicaragua (8,001 km2)
21%
U Ural (2 428 km)
21%
W Winnipeg (23,553 km2)
21%
T Te Waipounamu (South Island) (145k)
15%
Z Zealand (Sjælland) (7k)
15%
A Athabasca (7,920 km2)
13%
N Nanga Parbat (8125m - pk)
13%
F Flores (14k)
12%
M Makalu (8463m - np)
11%
D Devon Island (55k)
10%
F Fraser (1 368 km)
10%
D Dhaulagiri (8167m - np)
9%
H Han (1 532 km)
9%
T Tocantins (3 650 km)
7%
V Vinson, Mount (4892m - aq)
7%
P Prince of Wales Island (33k)
6%
X Xingu (2 100 km)
6%
Y Yuzhny Island (33k)
6%
A Alexander Island (49k)
5%
J Japurá (2 615 km)
5%
K Kolyma (2 513 km)
5%
Q Qinghai Lake (4,489 km2)
5%
W Wrangel Island (Vrangelya) (7k)
5%
B Broad Feng (8051m - pk)
4%
I Issyk-Kul (6,200 km2)
4%
O October Revolution Island (14k)
4%
O Ojos del Salado, Cerro (6891m - cl)
4%
R Reindeer Lake (6,330 km2)
4%
R Roosevelt Island (7k)
4%
S Shatt al-Arab (3 596 km)
4%
C Chomo Lonzo (7818m - cn)
3%
F Fasat (5331m - pk)
3%
H Hathi Parbat (6727m - in)
3%
J Juncal, Cerro (6110m - cl)
3%
K Khanka (4,190 km2)
3%
Q Qeqertarsuaq (Disko) (8k)
3%
T Trivor (7577m - pk)
3%
U Unimak Island (4k)
3%
U Urmia (6,001 km2)
3%
W Warburton (1 400 km)
3%
G Gasherbrum Shan (8080m - pk)
2%
I Istoro Nal (7397m - pk)
2%
L Liangkang Kangri (7534m - bt)
2%
P Phola Gangchhen (7703m - cn)
2%
Q Qowowuyag (8188m - cn)
2%
R Ridonglabo (6171m - cn)
2%
S Saser Kangri (7672m - in)
2%
U Uturunco, Cerro (6008m - bo)
2%
X Xixabangma Feng (8027m - cn)
2%
Y Yukshin Gardan Sar (7469m - pk)
2%
Z Zanchari (5634m - cn)
2%
W Wakhikan Rah (5681m - pk)
1%
No matching quizzes found
Score Distribution
Percent of People with Each Score
Percentile by Number Answered
Your Score History
You have not taken this quiz